| 000 | 00695nam a22001937a 4500 | ||
|---|---|---|---|
| 999 |
_c13814 _d13814 |
||
| 003 | AR-CdUCM | ||
| 008 | 190416b ||||| |||| 00| 0 spa d | ||
| 040 |
_aMUNICIPALIDAD PROVINCIAL DEL CUSCO _cBIBLIOTECA MUNICIPAL DEL CUSCO |
||
| 082 |
_a868.6 / _bSA18 / 1949 |
||
| 100 |
_aSalinas , Pedro _913884 |
||
| 245 |
_aLa voz a ti debida : _bpoema / |
||
| 260 |
_aBuenos Aires : _bLosada, _c1949. |
||
| 300 |
_a90 páginas ; _c18 cm. |
||
| 505 | _aContenido: Tu vives siempre en tus actos -- No, no dejéis cerradas -- Si, por detrás de las gentes -- ¡Si me llamaras, si, ... | ||
| 650 |
_aSiglo XX _98 |
||
| 650 |
_aPoesías españolas _92005 |
||
| 942 |
_2ddc _cLIBROS |
||
| 945 |
_acmm _d2019-04-16 |
||